| 000 | 00536nam a2200193 a 4500 | ||
|---|---|---|---|
| 001 | 900863 | ||
| 005 | 20241128130158.0 | ||
| 008 | 810908s1980 enk b 000 0 eng | ||
| 020 |
_a0225662809 (pbk.) : _c£3.95 |
||
| 050 | 0 | 0 |
_aBV1471.2 _b.M43 1980 |
| 082 | 0 | 0 |
_a207/.6 _219 |
| 100 | 1 | _aMegill, Esther L. | |
| 245 | 1 | 0 |
_aEducation in the African church / _cEsther L. Megill. |
| 250 | _aRev. ed. | ||
| 260 |
_aLondon : _bChapman, _c1980. |
||
| 300 |
_a222 p. ; _c22 cm. |
||
| 650 | 0 |
_aChristian education _zAfrica. |
|
| 942 |
_2lcc _cBK _n0 |
||
| 999 |
_c1699 _d1699 |
||